| 000 | 00844nam a22002417a 4500 | ||
|---|---|---|---|
| 001 | 3518 | ||
| 003 | FISKH | ||
| 005 | 20240315104100.0 | ||
| 008 | 240315b cb ||||| |||| 00| 0 eng d | ||
| 040 |
_aFISK _beng _cFISK _dFISK |
||
| 050 | _aPZ7.K9490113 | ||
| 082 | _a813.6 | ||
| 100 |
_aKuhlman Evan _d1963- |
||
| 245 |
_aThe last invisible boy / _cEvan Kuhlman |
||
| 260 |
_aNew York : _bScholastic, _c2011 |
||
| 300 |
_a233 pages _c20 cm |
||
| 505 | _aQ | ||
| 520 | _aIn the wake of his father's sudden death, twelve-year-old Finn feels he is becoming invisible as his hair and skin become whiter by the day, and so he writes and illustrates a book to try to understand what is happening and to hold on to himself and his father. | ||
| 521 | 8 |
_a930 _bLexile |
|
| 700 | _aEvan Kuhlman | ||
| 942 |
_2ddc _cBK _n0 |
||
| 999 |
_c3518 _d3518 |
||